الزراعة المحور الأساسى للتنمية الاقتصادية والاجتماعية فى السودان /

تعد مشكلة البطالة من أهم المشكال التي تواجه المجتمع المصري، حيث أخذت هذه المشكلة تتصاعد بصورة كبيرة منذ منتصف السبعينيات وحتى الآن. ويناقش هذا العمل البطالة وشوق العمل المصري وآثار التغلب على هذه المشكلة....

全面介绍

Saved in:
书目详细资料
主要作者: حامد، عبد الله آدم بلايل
其他作者: دياب، عبد القادر محمد، (مشرف.)
格式: 图书
语言:阿拉伯语
出版: القاهرة : معهد التخطيط القومي، 1994.
主题:
标签: 添加标签
没有标签, 成为第一个标记此记录!

MARC

LEADER 00000nam a22000007a 4500
003 INP
005 20181126142609.0
008 180118s1994 ua |||frbm|| 001 0 ara d
952 |0 0  |1 0  |4 0  |6 338_109624000000000_ع_ز  |7 0  |8 DR  |9 11333  |a INP  |b INP  |c MAIN  |d 2018-06-12  |l 0  |o 338.109624 ع ز  |p 012094  |r 2022-03-28 00:00:00  |w 2018-06-12  |y DP  |0 0 
999 |c 10912  |d 10912 
040 |a EG-INP  |b ara  |c EG-INP 
082 0 4 |a 338.109624  |b ع ز  |2 21 
100 1 |a حامد، عبد الله آدم بلايل. 
245 1 2 |a الزراعة المحور الأساسى للتنمية الاقتصادية والاجتماعية فى السودان /   |c عبد الله آدم بلايل حامد ؛ إشراف عبد القادر محمد دياب. 
260 |a القاهرة :   |b معهد التخطيط القومي،   |c 1994. 
300 |a 63 ورقة ؛   |c 27 سم. 
500 |a دبلوم التخطيط للتنمية الاقتصادية والاجتماعية. 
520 |a تعد مشكلة البطالة من أهم المشكال التي تواجه المجتمع المصري، حيث أخذت هذه المشكلة تتصاعد بصورة كبيرة منذ منتصف السبعينيات وحتى الآن. ويناقش هذا العمل البطالة وشوق العمل المصري وآثار التغلب على هذه المشكلة. 
650 7 |a الزراعة  |x اقتصاديات.  |2 qrmak 
650 7 |a التنمية الزراعية   |z السودان.  |2 qrmak 
650 7 |a الإرشاد الزراعى  |z السودان.  |2 qrmak 
650 7 |2 qrmak  |a التخطيط الزراعى. 
700 1 |a دياب، عبد القادر محمد،   |e مشرف. 
901 |a EGPV2 
903 |a original 
942 |2 ddc  |c DP